El aréa 18. (Registro nro. 3037)

Detalles MARC
000 -LEADER
fixed length control field 01390nam a2200205 a 4500
008 - CAMPO DE CONTROL (LIBRO)
fixed length control field 190916s2015 ag ||||g |||| 000 1 spa d
020 ## - INTERNATIONAL STANDARD BOOK NUMBER
ISBN 9789504936671
041 ## - CODIGO DE IDIOMA
Código de idioma del texto/pista de sonido o título separado spa
092 ## - SIGNATURA TOPOGRAFICA DEWEY LOCAL
número de clasificación 808
libristica 26
sección FON
100 1# - ENTRADA PRINCIPAL--NOMBRE PERSONAL
Nombre personal Fontanarrosa, Roberto.
9 (RLIN) 4089
245 3# - TITULO PROPIAMENTE DICHO
Título El aréa 18.
Subtítulo y Título paralelo Novela /
Mención de responsabilidad y remanente de la transcripción de la portada Roberto Fontanarrosa.
250 ## - MENCION DE EDICION
Mención de edición 2a ed.
260 ## - PIE DE IMPRENTA
Lugar de publicación, distribución, etc Buenos Aires:
Nombre de la editorial, distribuidor, etc Planeta;
Fecha de publicación 2015.
300 ## - DESCRIPCION FISICA
Extension 304 p.
Otros detalles físicos 21x13cm.
500 ## - NOTA GENERAL
Nota general Fontanarrosa, R. (2015). El área 18. Novela. (2a ed.). Buenos Aires : Planeta.
505 ## - NOTA DE CONTENIDO
Nota de contenido formateada "Era un hombre hecho, e incluso deshecho, en la fragua de la expresión corporal, un hombre que controlaba y conocía todos los recovecos de su organismo como a las almas de sus manos y a las palmas de sus manos como al mapa orográfico de Siria, su tierra natal". Secuela de Best Seller, El área 18 narra otra misión del aventurero internacional sirio. Congodia, un pequeño país africano, ha logrado su independencia y el desarrollo de su economía a través de su equipo nacional de fútbol. Al encontrarse en una situación geográfica estratégica, las apuestas se tornan cada vez más fuertes. Entonces, una corporación internacional decide armar un conjunto capaz de obtener una victoria. Best Seller, su capitán, es el único hombre que puede conducirlos al éxito.
590 ## - NOTAS LOCALES (RLIN)
Nota local Donación, septiembre 2019.
655 ## - MATERIA - GENERO/FORMA
Género/Forma Literatura
-- 2917
942 ## - ADDED ENTRY ELEMENTS (KOHA)
Source of classification or shelving scheme Dewey Decimal Classification
Item type LITERATURA
Existencias
Estado de retiro Existencia Fuente de clasificación Estado general No para prestamo Ubicación permanente ubicación actual Sala de ubicación Fecha de adquisición Fuente de adquisición Total Checkouts Número de clasificación Código de barras Date last seen Número de ejemplar Price effective from Koha tipo de elemento (item) Public note
    Dewey Decimal Classification     Biblioteca Medicina Biblioteca Medicina Circulación 16/09/2019 Donación septiembre, 2019.   808 26 FON 4571 16/09/2019 Ej.1 16/09/2019 LITERATURA Proyecto 4to libro Donación . Septiembre 2019.

UNIVERSIDAD NACIONAL DEL COMAHUE
Biblioteca de la Facultad de Ciencias Médicas
Sede Toschi: Los Arrayanes y Av. Toschi, Cipolletti  - Rio Negro
Sede Los Tordos:  Yrigoyen al 2211, Cipolletti - Rio Negro 

Teléfono: 0299 - 4774707 int 25
Contacto: biblioteca@facimed.uncoma.edu.ar
© 2011 - 2026